Normal view
MARC view
- تاليف فريزر، ج.س.؛ ترجمة أحمد سلامة محمد السيد
Entry Personal Name
001 - CONTROL NUMBER
- control field: 16139
003 - CONTROL NUMBER IDENTIFIER
- control field: JO-AjAnu
005 - DATE AND TIME OF LATEST TRANSACTION
- control field: 20230606072856.0
008 - FIXED-LENGTH DATA ELEMENTS
- fixed length control field: 230606|| aca||aabn | a|a d
040 ## - CATALOGING SOURCE
- Original cataloging agency: JO-AjAnu
- Transcribing agency: JO-AjAnu
100 ## - HEADING--PERSONAL NAME
- Personal name: تاليف فريزر، ج.س.؛ ترجمة أحمد سلامة محمد السيد
670 ## - SOURCE DATA FOUND
- Source citation: Work cat.: (JO-AjAnu)8284: تاليف فريزر، ج.س.؛ ترجمة أحمد سلامة محمد السيد, author, الكاتب الحديث وعالمه: النصف الأول من القرن العشرين = The Modren Writer and His World، الجزء الاول